=LDR 00000nam 2200000 4500 =001 000757 =005 20250711101507 =035 ##$$a 0010-0725000625 =007 ta =008 250711################a##########0#ind## =020 ##$$a 978-623-472-285-7 =082 ##$$a 398.209 598 =084 ##$$a 398.209 598 SHI b =100 #$$a Shingre, Poorve Harihar =245 1#$$a Buku Pertamaku tentang buah dan sayur /$c Poorve Harihar Shingre =250 ##$$a Cetakan pertama =260 ##$$a Jakarta :$b Badan pengembangan dan pembinaan bahasa =300 ##$$a 24 hlm. : $b Ilus. ; $c 22,9 cm =650 #4$$a Cerita anak indonesia-terjemahan =650 #4$$a Literasi-bahan